| 000 | 00359 a2200157 4500 | ||
|---|---|---|---|
| 001 | 45452 | ||
| 020 | _a | ||
| 040 | _cAnchieta - Aquarius | ||
| 100 | _aFiorini, Margareth | ||
| 240 | 1 | 0 |
_aVinte mil léguas submarinas _lpor |
| 245 | 1 | 0 | _aVinte mil léguas submarinas |
| 300 | _a32 | ||
| 362 | 0 | _a1988 | |
| 650 | 4 | _aLiteratura infanto-juvenil | |
| 942 | _cBK | ||
| 999 |
_c45452 _d45452 |
||